Movies - Statistics

General Stats
  • This quiz has been taken 132 times
  • The average score is 62 of 140
Answers on the Grid
Answers color-coded by a green-red scale on the quiz's grid according to % correct below.
The Wizard of OZ
Cinderella
Sleeping Beauty
Sister Act
Peter Pan
Mary Poppins
OZ the Great and Powerful
Roman Holiday
Gone with the Wind
Wee Sing in Sillyville
Return to OZ
Tom and Jerry and The Wizard of OZ
Matilda
The Music Man
The Nightmare Before Christmas
Willy Wonka and the Chocolate Factory
The Wiz
The Sound of Music
Frozen
My Fair Lady
Sword in the Stone
Song of the South
Top Gun
Breakfast at Tiffany's
Overboard
To Catch a Thief
Finding Private Ryan
The Muppets Wizard of OZ
Bambi
Bottom Gun
Lady and the Tramp
Fantasia
101 Dalmatians
Snow Blue
Wicked
Charlie and the Chocolate Factory
Hairspray
The Sorcerer of OZ
Pocahontas
Snow White and the Seven Dwarfs
Shrek
Aquamarine
The Grinch
Gumbo
Jack Frost
How the Witch Stole Christmas
Saving Mr. Banks
The Notebook
How the Grinch Stole Christmas
Underboard
Moana
Beauty and the Beast
Old Yeller
Mulan
The Little Mermaid
Freaky Friday
Lassie
Toy Story
The Spongebob SquarePants Movie
Hello Dolly
Rudolph the Red Nosed Reindeer
Elf
The Polar Express
The Parent Trap
The Bodyguard
The Tigger Movie
Alice in Wonderland
The Incredibles
Tangled
The Jungle Book
The Lion King
A Christmas Carol
Star Wars
Wee Sing in the Marvelous Musical Mansion
Aladdin
Pinocchio
The Secret of Roan Inish
The Rescuers
The Fox and the Hound
The Black Cauldron
Oliver & Company
Who Loved Roger Rabbit
Who Framed Roger Rabbit
The Hunchback of Notre Dame
Up
Monsters Inc.
Lilo and Stitch
Meet the Robinsons
Finding Nemo
A Bug's Life
Hercules
Chicken Little
The Sound of Bells
Cars
Zootopia
Inside Out
Big Hero 6
Brother Bear
Enchanted
The Princess Bride
Tasmania
Ratatouille
Belle Et Sebastien
E.T. The Extra - Terrestrial
The Sandlot
Ozma of OZ
Remember the Titans
The King and I
Footloose
Grease
Saturday Night Fever
My Cousin Vinny
The Ten Commandments
Ice Age
Song of the South Pole
The Godfather
Gladiator
Madagascar
The Santa Clause
Legally Blonde
Santa Claws
Princess Diaries
Bridesmaids
Lord of the Rings
Singin' in the Rain
37 Dresses
27 Dresses
Casablanca
Titanic
The Shawshank Redemption
Pretty Woman
Rush Hour
Jaws
The King and Me
Westside Story
La La Land
Some Like It Hot
The Princess and the Frog
It's a Wonderful Life
Bruce Almighty
Mamma Mia!
Jack Snow
Florence Foster Jenkins
The Greatest Showman
Hamilton
Washington
Tom and Terry: Snowman's Land
Tom and Jerry: Snowman's Land
Coco
Back to the Future
Alvin and the Chipmunks
Glinda of OZ
Gnomeo & Juliet
12 Years a Slave
Meet Me in Saint Louis
Santa Paws
Beetlejuice
Tom and Jerry: Willy Wonka and the Chocolate Factory
Tom and Jerry: Back to OZ
Tom and Terry: Back to OZ
 
Answer Stats
Answer % Correct
The Wizard of OZ
95%
Mary Poppins
92%
Top Gun
87%
Willy Wonka and the Chocolate Factory
87%
Gone with the Wind
84%
Matilda
84%
Breakfast at Tiffany's
83%
The Sound of Music
83%
Cinderella
75%
Sleeping Beauty
75%
Peter Pan
71%
Frozen
70%
101 Dalmatians
65%
The Nightmare Before Christmas
65%
Bambi
63%
Sister Act
63%
My Fair Lady
62%
Star Wars
62%
Wicked
62%
Elf
60%
Charlie and the Chocolate Factory
59%
The Notebook
59%
Hairspray
57%
Lady and the Tramp
57%
Pocahontas
57%
Shrek
57%
The Godfather
57%
The Grinch
57%
Gladiator
56%
The Parent Trap
56%
Toy Story
56%
Aladdin
54%
Grease
54%
Legally Blonde
54%
Snow White and the Seven Dwarfs
54%
The Bodyguard
54%
The Lion King
54%
A Christmas Carol
52%
Alice in Wonderland
52%
Beauty and the Beast
52%
Mulan
52%
Pinocchio
52%
The Little Mermaid
52%
The Polar Express
52%
Titanic
52%
Finding Private Ryan
51%
Jaws
51%
La La Land
51%
Moana
51%
The Jungle Book
51%
The Princess Bride
51%
Enchanted
49%
E.T. The Extra - Terrestrial
49%
Lord of the Rings
49%
Mamma Mia!
49%
The Shawshank Redemption
49%
Casablanca
48%
Fantasia
48%
Footloose
48%
Pretty Woman
48%
Roman Holiday
48%
The Greatest Showman
48%
Freaky Friday
46%
How the Grinch Stole Christmas
46%
It's a Wonderful Life
46%
My Cousin Vinny
46%
Overboard
46%
Rush Hour
46%
The Incredibles
46%
Cars
44%
Finding Nemo
44%
Saturday Night Fever
44%
Sword in the Stone
44%
Tangled
44%
Back to the Future
43%
Beetlejuice
43%
Bruce Almighty
43%
Monsters Inc.
43%
Ratatouille
43%
The Hunchback of Notre Dame
43%
The Spongebob SquarePants Movie
43%
To Catch a Thief
43%
Up
43%
Who Framed Roger Rabbit
43%
A Bug's Life
41%
Bridesmaids
41%
Hercules
41%
Ice Age
41%
Madagascar
41%
OZ the Great and Powerful
41%
Princess Diaries
41%
Return to OZ
41%
Westside Story
41%
Zootopia
41%
12 Years a Slave
40%
Inside Out
40%
Lilo and Stitch
40%
Singin' in the Rain
40%
Old Yeller
38%
The Santa Clause
38%
27 Dresses
37%
Chicken Little
37%
The Music Man
37%
The Wiz
37%
The Fox and the Hound
35%
The Ten Commandments
35%
Big Hero 6
33%
Some Like It Hot
33%
Jack Frost
32%
Saving Mr. Banks
32%
Alvin and the Chipmunks
30%
Lassie
30%
Meet the Robinsons
30%
The King and I
30%
Coco
29%
Song of the South
29%
The Princess and the Frog
29%
The Sandlot
29%
Hamilton
27%
The Rescuers
27%
Brother Bear
25%
Remember the Titans
25%
Aquamarine
24%
Oliver & Company
24%
Rudolph the Red Nosed Reindeer
22%
The Black Cauldron
22%
Hello Dolly
21%
Meet Me in Saint Louis
21%
Tom and Jerry and The Wizard of OZ
19%
Gnomeo & Juliet
17%
The Muppets Wizard of OZ
16%
The Tigger Movie
13%
Wee Sing in Sillyville
13%
Florence Foster Jenkins
8%
The Secret of Roan Inish
6%
Tom and Jerry: Back to OZ
6%
Tom and Jerry: Snowman's Land
3%
Tom and Jerry: Willy Wonka and the Chocolate Factory
3%
Belle Et Sebastien
2%
Wee Sing in the Marvelous Musical Mansion
2%
No matching quizzes found
Score Distribution
Percent of People with Each Score
Percentile by Number Answered
Your Score History
You have not taken this quiz